| Поле | Название | Значение |
| |
Тип записи |
c |
| |
Библиографический уровень |
m |
| 001 |
Контрольный номер |
UONB/MAIN/93b616a8855e4ae6a901f445fbcf0cd0 |
| 005 |
Дата корректировки |
20250429151229.1 |
| 010 |
Индекс ISBN |
__ |
| 9 |
Тираж |
25000 экз. |
| 013 |
Номер (ISMN) |
__ |
| d |
Цена |
45 к. |
| 071 |
Издательские номер (звукозапись и ноты) |
21 |
| a |
Номер, присвоенный агентством |
9796 |
| 100 |
Данные общей обработки |
__ |
| a |
Данные общей обработки |
20250429d1977 u y0rusy0189 ca |
| 101 |
Язык документа |
0_ |
| a |
Язык текста |
rus |
| 102 |
Страна публикации |
__ |
| a |
Страна публикации |
RU |
| 125 |
Кодированные данные звукозаписи и нотных изданий |
__ |
| a |
Форма изложения нотного текста |
с |
| 128 |
Кодированные данные (звукозаписи-физические характеристики) |
__ |
| a |
Кодированные данные: Музыкальная форма и тональность или лад |
cр |
| c |
Инструменты или голоса, рекомендуемые для солистов (устаревшее) |
kt |
| 200 |
Заглавие и сведения об ответственности |
1_ |
| a |
Заглавие |
Соловьи поют, заливаются |
| e |
Сведения, относящиеся к заглавию |
[сборник для баяна с надписанным текстом] |
| f |
Первые сведения об ответственности |
составитель Б. Фиготин |
| g |
Последующие сведения об ответственности |
переложение для баяна В. Мотова |
| 203 |
Вид содержания и тип средства |
__ |
| a |
Вид содержания |
Музыка |
| b |
Характеристика содержания |
знаковая |
| c |
Тип средства |
непосредственная |
| 210 |
Выходные данные |
1_ |
| a |
Место издания |
Москва |
| c |
Издательство |
Музыка |
| d |
Дата издания |
1977 |
| 215 |
Физическое описание |
__ |
| a |
Объем |
72 c. |
| d |
Формат |
22 см |
| 225 |
Серия |
1_ |
| a |
Серия |
Популярные песни в сопровождении баяна |
| v |
Обозначение тома |
выпуск 111 |
| 327 |
Примечание о содержании |
11 |
| a |
Примечание о содержании |
Содерж.: Туликов С. Отчизна моя / сл. Ю. Полухина / сл. М. Пляцковского ; До шестнадцати лет / сл. В. Харитонова. Тухманов Д. Мой адрес - Советский Союз! ; День Победы / сл. В. Харитонова. Фиготин Б. Песня русская / сл. Ю. Гусева. Пахмутова А. Белоруссия / сл. Н. Добронравова. Мокроусов Б. Вологда / сл. М. Матусовского. Мартынов Е. Соловьи поют, заливаются / сл. Д. Усманова. Дубравин Я. Торопись! / сл. М. Ромма. Мануков Р. Вишня / сл. А. Прокофьева. Рычков Б. Любовь - огромная страна / сл. Л. Дербенева. Зацепин А. Уходишь ты : из кинофильма "Между небом и землей" ; Волшебник : из кинофильма "Отважный Шарик" / сл Л. Дербенева. Богословский Н. Песня старого извозчика / сл. Я. Родионова. Димитров Э. Арлекино / сл. В. Андреева. |
| 464 |
Аналитический уровень |
_0 |
| 1 |
|
036 |
| t |
|
По земле иду мимо хлебных сёл... |
| 1 |
|
700 1 |
| a |
|
Туликов |
| b |
|
С. |
| 1 |
|
702 1 |
| a |
|
Полухин |
| b |
|
Ю. |
| 4 |
|
520 |
| 1 |
|
2001 |
| a |
|
Отчизна моя |
| 464 |
Аналитический уровень |
_0 |
| 1 |
|
036 |
| t |
|
Ты за парту со мной... |
| 1 |
|
700 1 |
| a |
|
Харитонов |
| b |
|
В. |
| 1 |
|
702 1 |
| a |
|
Харитонов |
| b |
|
В. |
| 4 |
|
520 |
| 1 |
|
2001 |
| a |
|
До шестнадцати лет |
| 464 |
Аналитический уровень |
_0 |
| 1 |
|
036 |
| t |
|
Колеса диктуют вагонные... |
| 1 |
|
700 1 |
| a |
|
Тухманов |
| b |
|
Д. |
| 1 |
|
702 1 |
| a |
|
Харитонов |
| b |
|
В. |
| 4 |
|
520 |
| 1 |
|
2001 |
| a |
|
Мой адрес - Советский Союз! |
| 464 |
Аналитический уровень |
_0 |
| 1 |
|
036 |
| t |
|
День Победы, как он был от нас далек... |
| 1 |
|
700 1 |
| a |
|
Тухманов |
| b |
|
Д. |
| 1 |
|
702 1 |
| a |
|
Харитонов |
| b |
|
В. |
| 4 |
|
520 |
| 1 |
|
2001 |
| a |
|
День Победы |
| 464 |
Аналитический уровень |
_0 |
| 1 |
|
036 |
| t |
|
Никогда не забуду... |
| 1 |
|
700 1 |
| a |
|
Фиготин |
| b |
|
Б. |
| 1 |
|
702 1 |
| a |
|
Гусев |
| b |
|
Ю. |
| 4 |
|
520 |
| 1 |
|
2001 |
| a |
|
Песня русская |
| 464 |
Аналитический уровень |
_0 |
| 1 |
|
036 |
| t |
|
Белый аист летит, над белесым Полесьем летит... |
| 1 |
|
700 1 |
| a |
|
Пахмутова |
| b |
|
А. |
| 1 |
|
702 1 |
| a |
|
Добронравов |
| b |
|
Н. |
| 4 |
|
520 |
| 1 |
|
2001 |
| a |
|
Белоруссия |
| 464 |
Аналитический уровень |
_0 |
| 1 |
|
036 |
| t |
|
Письма, письма лично на почту ношу... |
| 1 |
|
700 1 |
| a |
|
Мокроусов |
| b |
|
Б. |
| 1 |
|
702 1 |
| a |
|
Матусовский |
| b |
|
М. |
| 4 |
|
520 |
| 1 |
|
2001 |
| a |
|
Вологда |
| 464 |
Аналитический уровень |
_0 |
| 1 |
|
036 |
| t |
|
Ты сегодня вдруг забыла... |
| 1 |
|
700 1 |
| a |
|
Мартынов |
| b |
|
Е. |
| 1 |
|
702 1 |
| a |
|
Усманов |
| b |
|
Д. |
| 4 |
|
520 |
| 1 |
|
2001 |
| a |
|
Соловьи поют, заливаются |
| 464 |
Аналитический уровень |
_0 |
| 1 |
|
036 |
| t |
|
Крутится жизни, крутится жизни колесо!.. |
| 1 |
|
700 1 |
| a |
|
Дубравин |
| b |
|
Я. |
| 1 |
|
702 1 |
| a |
|
Ромм |
| b |
|
М. |
| 4 |
|
520 |
| 1 |
|
2001 |
| a |
|
Торопись! |
| 464 |
Аналитический уровень |
_0 |
| 1 |
|
036 |
| t |
|
За рекою в непокое... |
| 1 |
|
700 1 |
| a |
|
Мануков |
| b |
|
Р. |
| 1 |
|
702 1 |
| a |
|
Прокофьев |
| b |
|
А. |
| 4 |
|
520 |
| 1 |
|
2001 |
| a |
|
Вишня |
| 464 |
Аналитический уровень |
_0 |
| 1 |
|
036 |
| t |
|
Мир весной околдован вновь... |
| 1 |
|
700 1 |
| a |
|
Рычков |
| b |
|
Б. |
| 1 |
|
702 1 |
| a |
|
Дербенев |
| b |
|
Л. |
| 4 |
|
520 |
| 1 |
|
2001 |
| a |
|
Любовь - огромная страна |
| 464 |
Аналитический уровень |
_0 |
| 1 |
|
036 |
| t |
|
Роняя свет печальный... |
| 1 |
|
700 1 |
| a |
|
Зацепин |
| b |
|
А. |
| 1 |
|
702 1 |
| a |
|
Дербенев |
| b |
|
Л. |
| 1 |
|
2001 |
| a |
|
Уходишь ты |
| e |
|
из кинофильма "Между небом и землей" |
| 1 |
|
50010 |
| a |
|
Между небом и землей |
| 464 |
Аналитический уровень |
_0 |
| 1 |
|
036 |
| t |
|
Только глянет над Москвою утро раннее |
| 1 |
|
700 1 |
| a |
|
Богословский |
| b |
|
Н. |
| 1 |
|
702 1 |
| a |
|
Родионов |
| b |
|
Я. |
| 4 |
|
520 |
| 1 |
|
2001 |
| a |
|
Песня старого извозчика |
| 464 |
Аналитический уровень |
_0 |
| 1 |
|
036 |
| t |
|
Вычислить путь звезды... |
| 1 |
|
700 1 |
| a |
|
Зацепин |
| b |
|
А. |
| 1 |
|
702 1 |
| a |
|
Дербенев |
| b |
|
Л. |
| 4 |
|
520 |
| 1 |
|
2001 |
| a |
|
Волшебник |
| e |
|
из кинофильма "Отважный Ширак" |
| 1 |
|
50010 |
| a |
|
Отважный Ширак |
| 464 |
Аналитический уровень |
_0 |
| 1 |
|
036 |
| t |
|
По острым иглам яркого огня... |
| 1 |
|
700 1 |
| a |
|
Димитров |
| b |
|
Э. |
| 1 |
|
702 1 |
| a |
|
Андреев |
| b |
|
В. |
| 4 |
|
520 |
| 1 |
|
2001 |
| a |
|
Арлекино |
| 606 |
Тематические рубрики |
0_ |
| a |
Основная рубрика |
Баян |
| x |
Основная подрубрика |
Популярные песни |
| x |
Основная подрубрика |
Переложения для баяна |
| 610 |
Ключевые слова |
0_ |
| a |
Ключевые слова |
баян; популярные песни; переложения для баяна |
| 686 |
Индексы других классификаций |
__ |
| a |
Классификационный индекс |
85.954.6-094я43 |
| 2 |
Код системы |
rubbk |
| 702 |
Вторичная интеллектуальная ответственность |
_1 |
| a |
Фамилия |
Фиготин |
| b |
Имя (инициалы) |
Б. С. |
| g |
Полное личное имя |
Борис Семенович |
| 4 |
Код отношения |
220 |
| 702 |
Вторичная интеллектуальная ответственность |
_1 |
| a |
Фамилия |
Мотов |
| b |
Имя (инициалы) |
В. |
| 4 |
Код отношения |
030 |
| 801 |
Источник записи |
_0 |
| a |
Страна |
RU |
| b |
Организация |
Ульяновская ОНБ |
| c |
Дата составления |
20250429 |
| g |
Правила каталогизации |
RCR |
| 801 |
Источник записи |
_1 |
| a |
Страна |
RU |
| b |
Организация |
Ульяновская ОНБ |
| c |
Дата составления |
20250429 |
| g |
Правила каталогизации |
RCR |
| 901 |
Тип документа |
__ |
| t |
Тип документа |
m |
| 909 |
Создатель записи |
__ |
| a |
Создатель записи |
Никитина Т. А. |
| b |
Дата создания записи |
20250429 |